|
|
|
|
| LEADER |
01075nam a22002652a 4500 |
| 001 |
000924912 |
| 003 |
CZ BrMZK |
| 005 |
20081222062244.0 |
| 007 |
ta |
| 008 |
081217s1990 xo er|||||||||||hun d |
| 040 |
|
|
|a ABA001
|b cze
|c ABA001
|d ABA001
|
| 041 |
1 |
|
|a hun
|h slo
|
| 080 |
9 |
|
|a 94/99"1642/1914"(075.3)=945.11
|
| 100 |
1 |
|
|a Kováč, Dušan,
|d 1942-
|7 jn19990209403
|4 aut
|
| 245 |
1 |
0 |
|a Történelem (1642-1914) :
|b Tanulmányi szöveg a magyar tanítási nyelvü alapiskola 7. osztálya és a középiskolák számára /
|c Dušan Kováč, Eva Kowalská ; ford. Szöcsné Konrád Ingeborg, Sándor Anna
|
| 250 |
|
|
|a 1. kiad.
|
| 260 |
|
|
|a Bratislava :
|b Slovenské pedagogické nakladateľstvo,
|c 1990
|
| 300 |
|
|
|a 48 s.
|
| 765 |
0 |
|
|t Učebné texty z dejepisu (1642-1914) pre školy s vyučovacím jazykom maďarským
|9 Maďarsky
|
| 700 |
1 |
|
|a Kowalská, Eva,
|d 1955-
|7 mzk2002139621
|4 aut
|
| 910 |
|
|
|a BOA001
|b PK-N-0029.205
|
| 990 |
|
|
|a BK
|
| 995 |
|
|
|a 02
|
| 991 |
|
|
|b 200812
|
| 996 |
6 |
|
|b BC-628527
|c PK-N-0029.205
|l MZK
|r Sklad / do 1 hodiny
|n 0
|w 000924912
|u 000010
|a 1
|e BOA001
|j MZK50
|s P
|